CIDADES ÁREA DE INSTRUÇÃO T-27 - Statistics

Estatísticas Gerais
  • Esse quiz foi jogado 516 vezes
  • A pontuação média é 23 de 46
Respostas no mapa
Respostas codificadas por cores de uma escala verde-vermelha no mapa do quiz de acordo com a % correta abaixo.
 
Estatísticas das Respostas
Resposta % Correto
Porto Ferreira
97%
Analândia
79%
Tambaú
74%
Conchal
71%
Descalvado
71%
Santa Rita do Passa 4
71%
São Carlos
71%
Araraquara
68%
Casa Branca
68%
Mococa
68%
Santa Rosa do Viterbo
68%
Aguaí
66%
Américo Brasiliense
63%
Mogi Guaçu
63%
Santa Cruz das Palmeiras
63%
São João da Boa Vista
61%
Araras
58%
Leme
58%
Vargem Grande do Sul
58%
São José do Rio Pardo
55%
São Sebastião da Grama
55%
Ponte da estrada de Aguaí com o Rio Mogi
47%
Rio Claro
47%
Cordeirópolis
45%
Ipeúna
45%
Itirapina
45%
Rincão
45%
Fazenda Brotas
42%
Lagoa na SP-225
42%
Trevo da estrada de Aguaí com a Anhanguera
42%
Ibaté
39%
Brotas
37%
Limeira
37%
Luís Antônio
37%
Pedágio São Simão na rodovia Anhanguera
37%
Fazenda da Serra
34%
Matão
34%
Santa Cruz da Conceição
34%
Iracemápolis
32%
Santa Cruz da Esperança
32%
Corumbataí
29%
Ribeirão Bonito
29%
Santa Lúcia
29%
São Simão
29%
Motuca
26%
Guatapará
24%
Nenhum quiz correspondente encontrado
Distribuição das Pontuações
Porcentagem de Pessoas com Cada Pontuação
Percentil de Números Respondidos
Sua Pontuação Histórica
Você não jogou esse quiz